| 000 | 01327nam a22002057a 4500 | ||
|---|---|---|---|
| 999 |
_c59987 _d59987 |
||
| 003 | Ge_BSU | ||
| 005 | 20230529112759.0 | ||
| 008 | 230529s1989ge xxu||||| |||| 00| 0 geo d | ||
| 041 | _ageo | ||
| 080 | _a902.2(479.221.13) ლ-81 | ||
| 100 |
_aლომთათიძე, გიორგი _918253 |
||
| 245 |
_aარქეოლოგიური კვლევა-ძიება ალგეთისა და ივრის ხეობაში / _c[წინასიტყვ. ავტ.: გ. ცქიტიშვილი, რ. რამიშვილი] |
||
| 264 |
_aთბილისი : _bმეცნიერება, _c1989. |
||
| 300 |
_a323 გვ. : _b 62 ფ. ილ. ; _c 25 სმ. |
||
| 653 | _aარქეოლოგიური გათხრები აღმოსავლეთ საქართველოში. | ||
| 700 |
_aცქიტიშვილი, გ _918254 |
||
| 700 |
_aრამიშვილი, რ. _eწინასიტყვაობის ავტორი _917562 |
||
| 710 |
_a საქ. სსრ მეცნ. აკად., არქეოლ. კომ., ისტორიის, არქეოლ. და ეთნოგრაფიის ინ-ტის არქეოლ. კვლევის ცენტრი. _918255 |
||
| 942 |
_2udc _cBK |
||